| 000 | 01512 a2200253 4500 | ||
|---|---|---|---|
| 003 | Nust | ||
| 005 | 20230306120420.0 | ||
| 010 | _a 82012191 | ||
| 020 | _a008029376X | ||
| 040 | _cNust | ||
| 082 | 0 | 0 | _a338.4, HAZ |
| 100 | 1 |
_aHazewindus, Nico, _9109849 |
|
| 245 | 1 | 4 |
_aThe U.S. microelectronics industry : _btechnical change, industry growth, and social impact / _cNico Hazewindus with John Tooker. |
| 260 |
_aNew York : _bPergamon Press, _cc1982. |
||
| 300 |
_axxiii, 199 p. : _bill. ; _c24 cm. |
||
| 440 | 4 |
_aThe Technology policy and economic growth series _9109850 |
|
| 505 | _aA Perspective On Microelectronics (Page-1), Integrated Circuits And Their Impact (Page-8), Microelectronics (Page-27), Integrated Circuits Technology (Page-44), Integrated Circuits , Product (Page-59), Integrated Circuit Industry (Page-79), Trends (Page-107), The Technology Base Of The US Integrated Circuit Industry (Page-129), The Manpower Problem (Page-151), Microelectronics And Employment (Page-158), Policies Of Federal And State Government (Page-169), US Microelectronics (Page-184). | ||
| 650 | 0 |
_aMicroelectronics industry _xGovernment policy _zUnited States. _9109851 |
|
| 650 | 0 |
_aMicroelectronics industry _xTechnological innovations _zUnited States. _9109852 |
|
| 650 | 0 |
_aMicroelectronics industry _zUnited States. _9109853 |
|
| 700 | 1 |
_aTooker, John. _9109854 |
|
| 710 | 2 |
_aNew York University. _bGraduate School of Business Administration. _bCenter for Science and Technology Policy. _9109855 |
|
| 942 |
_2ddc _cBK |
||
| 999 |
_c184523 _d184523 |
||